书目信息 |
| 题名: |
马克思主义经典著作选编导读
|
|
| 作者: | 陈占安 | |
| 分册: | ||
| 出版信息: | 北京 北京大学出版社 |
|
| 页数: | ||
| 开本: | ||
| 丛书名: | ||
| 单 册: | ||
| 中图分类: | A71 | |
| 科图分类: | ||
| 主题词: | 毛泽东--生平事迹 , 毛泽东--传记 , 恩格斯--生平事迹 , 恩格斯--传记 , 列宁--生平事迹 , 马克思--生事迹 , 马克思--传记 , 列宁--传记 | |
| 电子资源: | ||
| ISBN: | ||
| 000 | 00678nam0 2200241 450 | |
| 001 | 0757995392 | |
| 005 | 20071007160635.39 | |
| 100 | @a20071007d km y0chiy0120 ea | |
| 101 | 0 | @achi |
| 200 | 1 | @a马克思主义经典著作选编导读@Ama ke si zhu yi jing dian zhu zuo xuan bian dao du@f陈占安@Fchen zhan an |
| 210 | @a北京@c北京大学出版社 | |
| 606 | 0 | @a毛泽东@x生平事迹 |
| 606 | 0 | @a毛泽东@x传记 |
| 606 | 0 | @a恩格斯@x生平事迹 |
| 606 | 0 | @a恩格斯@x传记 |
| 606 | 0 | @a列宁@x生平事迹 |
| 606 | 0 | @a马克思@x生事迹 |
| 606 | 0 | @a马克思@x传记 |
| 606 | 0 | @a列宁@x传记 |
| 690 | @aA71@v3 | |
| 701 | 0 | @a陈占安@Achen zhan an |
| 801 | 0 | @aCN@bPFT@c20071007 |
| 905 | @a213230@dA71@ea13@f1 | |
| 马克思主义经典著作选编导读/陈占安.-北京:北京大学出版社 |
| ISBN : |
| ● |
| 相关链接 |
|
|
|
|
正题名:马克思主义经典著作选编导读
索取号:A71/a13
 
预约/预借
| 序号 | 登录号 | 条形码 | 馆藏地/架位号 | 状态 | 备注 |
| 1 | 7506933 | 275069337 | 史法系资料室/ [索取号:A71/a13] | 在馆 |